000 00246nam a22001097a 4500
999 _c153898
_d153898
082 _a
_b
245 _aDistance education/
_cby B M Sharma (ed.)
260 _a
_bCommonwealth Publishers,
_c1994.
300 _a463p.
650 _a
942 _cBK